| 000 | 00340nam a2200121Ia 4500 | ||
|---|---|---|---|
| 005 | 20251222144816.0 | ||
| 008 | 251222s9999||||xx |||||||||||||| ||spa|| | ||
| 082 | _a323.34/B12 | ||
| 100 | _aBackhaus, Annette | ||
| 245 | 0 | _aProyecto de Promoción de la Mujer del Sector Popular Urbano | |
| 264 | _bFundación Friedrich Naumann | ||
| 942 | _cLIB | ||
| 999 |
_c20303 _d20303 |
||